000 00944 a2200241 4500
999 _c10382
_d10382
020 _a9780323052672
050 0 0 _aRC48 PFE 2011
100 _a Pfenninger, John L.
_eauthor
245 0 0 _aPfenninger and Fowler's procedures for primary care /
_cedited by John L. Pfenninger, Grant C. Fowler.
250 _a3rd edition.
264 _aPhiladelphia, PA :
_bMosby Elsevier,
_c ♭2011
300 _axxxv, 1733 pages. :
_billustrations. (chiefly coloured.) ;
500 _aIncludes bibliographical references and index.
504 _aIncludes bibliographical references and index.
650 0 _aPrimary care (Medicine)
650 0 _aSurgery, Minor.
650 1 2 _aPrimary Health Care
_xmethods.
650 2 2 _aDiagnostic Techniques and Procedures.
650 2 2 _aSurgical Procedures, Operative
_xmethods.
700 1 _aFowler, Grant C.
942 _2lcc
_cBK
_h48
_iPFE
_kRC